| 000 | 01382cam a22003494a 4500 | ||
|---|---|---|---|
| 001 | 12695207 | ||
| 005 | 20021015200904.0 | ||
| 008 | 020307s2003 njua b 001 0 eng | ||
| 010 | _a 2002025198 | ||
| 020 | _a0130608246 | ||
| 020 | _a9780130608246 | ||
| 035 | _a(DNLM)101140158 | ||
| 040 |
_aDNLM/DLC _cDLC _dDLC |
||
| 042 | _apcc | ||
| 050 | 0 | 0 |
_aRT120.F34 _bF75 2003 |
| 060 | 1 | 0 |
_aWY 18.2 _bF911f 2003 |
| 082 | 0 | 0 |
_a610.73 _221 _bFRI |
| 100 | 1 |
_aFriedman, Marilyn M. _921057 |
|
| 245 | 1 | 0 |
_aFamily Nursing : _bResearch, Theory & Practice / _cMarilyn M. Friedman, Vicky R. Bowden, Elaine G. Jones. |
| 250 | _a5th ed. | ||
| 260 |
_aUpper Saddle River, N.J. : _bPrentice Hall, 2003 _cc2003. |
||
| 300 |
_axxii, 714 p. : _bill. ; _c24 cm. |
||
| 504 | _aIncludes bibliographical references (p. 655-702) and index. | ||
| 541 | _aDr. Chehrazad Ghazi ; | ||
| 650 | 0 |
_aFamily nursing. _921058 |
|
| 650 | 1 | 2 |
_aFamily Nursing _vProgrammed Instruction. _921059 |
| 700 | 1 |
_aBowden, Vicky R. _921060 |
|
| 700 | 1 |
_aJones, Elaine, _cPh. D. _921061 |
|
| 942 |
_2ddc _cNRB |
||
| 999 |
_c14824 _d14824 |
||